000 00743nas a2200265 4500
001 BR8902719
003 BR-BrBNA
005 20231205091554.0
007 ta
008 230509b bl.|||p| |||| 00| 00por d
040 _aBR-BrBNA
_bpor
_cBiblioteca Nacional de Agricultura
041 _a(Pt)
072 _aQ04
100 1 _aGandin, C.L.
100 1 _aThomazelli, L.F.
100 1 _aAlmeida, E.X.
100 1 _aBoff, P.
245 1 _aBatata-doce, alimento energico
650 _aBATATA DOCE
650 _aCOMPOSICAO QUIMICA
650 _aVALOR NUTRITIVO
773 0 _tAgropecuaria Catarinense (Brazil)
_xISSN 0103-0779
_g(Dec 1988), v. 1(4) p. 21-22
_wBR8902719
909 _a202311
_bLúcia
_c55
_dLúcia Elande
942 _2AGRIS
_n0
_cANA
999 _c125952
_d125952